Vplyv pandémie COVID-19 na výkonnosť vybraného podniku bakalárska práca

Salvato in:
Dettagli Bibliografici
Autore principale: Ilievová, Klára
Ente Autore: Fakulta podnikového manažmentu EU. Katedra podnikovohospodárska
Altri autori: Čerňanová, Lucia, 1997-
Natura: Libro
Lingua:slovacco
Pubblicazione: Bratislava 2024
Tags: Aggiungi Tag
Nessun Tag, puoi essere il primo ad aggiungerne!!

MARC

LEADER 00000nbm a2200000 4500
001 0302051
005 20250206091642.7
041 0 |a slo 
044 |a SK 
245 1 0 |a Vplyv pandémie COVID-19 na výkonnosť vybraného podniku  |b bakalárska práca  |c Klára Ilievová ; školiteľ: Lucia Čerňanová 
264 1 |a Bratislava  |c 2024 
300 |a 55 s. 
100 1 |a Ilievová, Klára 
700 1 |a Čerňanová, Lucia, 1997- 
710 2 |a Fakulta podnikového manažmentu EU. Katedra podnikovohospodárska